| 000 | 00765nam a2200217Ii 4500 | ||
|---|---|---|---|
| 003 | JO-AjNU | ||
| 008 | 230605s9999||||xx |||||||||||||| ||und|| | ||
| 017 | _a2003/11/2366 | ||
| 040 |
_aJO-AjNU _bara _erda _cJO-AjNU |
||
| 041 | _aara | ||
| 050 | 1 | 4 | _aHQ503. R42 2004 |
| 100 | 3 |
_aتأليف:تماضر الرفاعي, _eauthor _920638 |
|
| 245 | 0 | 0 | _aللنساء فقط: رحلة المرأة من البلوغ الى سن اليأس |
| 250 | _aط1 | ||
| 264 | 3 | 1 | _aعمان: دار عالم الثقافة، 2004 |
| 300 |
_a79ص _bيحتوي ببلوغرافية من ص 76-79ص |
||
| 336 |
_atext _btxt _2rdacontent |
||
| 337 |
_aunmediated _bn _2rdamedia |
||
| 338 |
_avolume _bnc _2rdacarrier |
||
| 650 | 4 |
_aالمرأة -التعليم السنوي _920639 |
|
| 999 |
_aA7029 _c10597 _d10597 |
||